Henry and Mudge in the green time : the third book of their adventures / by Cynthia Rylant ; illustrated by Sucie Stevenson.
For Henry and his big dog Mudge, summer means going on a picnic in the park, taking a bath under the garden hose, and going to the top of the big green hill.
Record details
- ISBN: 0027780031
- ISBN: 9780027780031
- ISBN: 0758712642
- ISBN: 9780758712646
- ISBN: 9781435278097
- ISBN: 1435278097
- ISBN: 0689810008
- ISBN: 9780689810008
- Physical Description: 48 pages : color illustrations ; 23 cm
- Publisher: New York : Bradbury Press, ©1987.
Search for related items by subject
| Subject: | Dogs > Fiction. Dogs > Fiction. Summer > Fiction. Dogs. Dogs > Fiction. Summer > Fiction. Dogs > Fiction. Summer > Fiction. |
| Genre: | High interest-low vocabulary books. Fiction. High interest-low vocabulary books. |
Available copies
- 1 of 1 copy available at scottsboropl.
Holds
- 0 current holds with 1 total copy.
Show Only Available Copies
| Location | Call Number / Copy Notes | Barcode | Shelving Location | Status | Due Date |
|---|---|---|---|---|---|
| scottsboropl | BR Ryl | 32269001180754 | Juvenile - Beginning Reader | Available | - |
| LDR | 02046cam a2200541Ja 4500 | ||
|---|---|---|---|
| 001 | 157214 | ||
| 003 | SBPL | ||
| 005 | 20211215211555.0 | ||
| 008 | 860924s1987 nyua j 000 1 eng | ||
| 010 | . | ‡a 86026386 | |
| 035 | . | ‡a(OCoLC)14376746 | |
| 040 | . | ‡aDLC ‡beng ‡cDLC ‡dCVP ‡dOCL ‡dOCLCQ ‡dBTCTA ‡dBAKER ‡dWGTPL ‡dOKR ‡dOCLCO ‡dJAO ‡dOCLCF ‡dOCLCQ ‡dOCLCO ‡dALRCP ‡dSFR ‡dOCLCQ ‡dCSJ ‡dVBO ‡dOCLCQ ‡dJDP ‡dJWX ‡dOCLCO ‡dOCLCQ ‡dLKC ‡dQT7 ‡dOCL | |
| 020 | . | ‡a0027780031 | |
| 020 | . | ‡a9780027780031 | |
| 020 | . | ‡a0758712642 | |
| 020 | . | ‡a9780758712646 | |
| 020 | . | ‡a9781435278097 | |
| 020 | . | ‡a1435278097 | |
| 020 | . | ‡a0689810008 | |
| 020 | . | ‡a9780689810008 | |
| 035 | . | ‡a(OCoLC)14376746 | |
| 050 | 1 | 0. | ‡aPZ7.R982 ‡bH1 1987 |
| 082 | 0 | 4. | ‡a[E] ‡219 |
| 100 | 1 | . | ‡aRylant, Cynthia. |
| 245 | 1 | 0. | ‡aHenry and Mudge in the green time : ‡bthe third book of their adventures / ‡cby Cynthia Rylant ; illustrated by Sucie Stevenson. |
| 260 | . | ‡aNew York : ‡bBradbury Press, ‡c©1987. | |
| 300 | . | ‡a48 pages : ‡bcolor illustrations ; ‡c23 cm | |
| 336 | . | ‡atext ‡btxt ‡2rdacontent | |
| 337 | . | ‡aunmediated ‡bn ‡2rdamedia | |
| 338 | . | ‡avolume ‡bnc ‡2rdacarrier | |
| 520 | . | ‡aFor Henry and his big dog Mudge, summer means going on a picnic in the park, taking a bath under the garden hose, and going to the top of the big green hill. | |
| 650 | 0. | ‡aDogs ‡vFiction. | |
| 650 | 1. | ‡aDogs ‡vFiction. | |
| 650 | 1. | ‡aSummer ‡vFiction. | |
| 650 | 7. | ‡aDogs. ‡2fast ‡0(OCoLC)fst00896265 | |
| 650 | 7. | ‡aDogs ‡vFiction. ‡2sears | |
| 650 | 7. | ‡aSummer ‡vFiction. ‡2sears | |
| 650 | 0 | 4. | ‡aDogs ‡vFiction. |
| 650 | 0 | 4. | ‡aSummer ‡vFiction. |
| 655 | 7. | ‡aHigh interest-low vocabulary books. ‡2fast ‡0(OCoLC)fst01726639 | |
| 655 | 7. | ‡aFiction. ‡2fast ‡0(OCoLC)fst01423787 | |
| 655 | 7. | ‡aHigh interest-low vocabulary books. ‡2lcgft | |
| 700 | 1 | . | ‡aStevenson, Suçie, ‡eillustrator. |
| 938 | . | ‡aBaker & Taylor ‡bBKTY ‡c12.95 ‡d12.95 ‡i0027780031 ‡n0001218064 ‡sactive | |
| 938 | . | ‡aBaker and Taylor ‡bBTCP ‡n86026386 | |
| 029 | 1 | . | ‡aAU@ ‡b000004893694 |
| 029 | 1 | . | ‡aNZ1 ‡b3120598 |
| 994 | . | ‡aZ0 ‡bMWL | |
| 948 | . | ‡hHELD BY MWL - 1323 OTHER HOLDINGS | |
| 901 | . | ‡a157214 ‡b ‡c157214 ‡tbiblio | |